=LDR 00000nam 2200000 4500 =001 INLIS000000000049594 =005 20250121095753 =035 ##$$a 0010-031700000000039 =008 250121###########################0###### =020 ##$$a 978-602-131 =040 ##$$a NBPDMAT =082 ##$$a 297 728 =090 ##$$a 297 728 muk k =100 ##$$a Muhammad Gufron haromain =245 1#$$a Kumpulan pidato sebagai bekal berdakwah /$c Muhammad Gufron Haromain ,QH =260 ##$$a Pringgabaya :$b Pusakanda,$c 2015 =300 ##$$a xvii , 123 hlm ; $c 21 cm =500 ##$$a Biografi : hlm. 128-131 =650 #4$$a Retoritika dakwah - kumpulan Pidato =520 ##$$a Islam adalah agama dakwah yang mewajibkan para pemeluknya untuk menyampaikan pesan-pesan dakwah. Seorang pendakwah menyampaikan pesan kebenaran, terutama terhadap orang yang belum mengetahui ataupun masih awam tentang ajaran Islam. Dimana, dakwah Islam disini sangat diperlukan demi keselamatan dan kebahagiaan hidup mereka. Buku ini berisi kumpulan pidato, yang menyajikan sekitar 29 (dua puluh sembilan) pidato dengan berbagai tema tentang dakwah agama Islam. Buku ini menjabarkan pendahuluan dalam berpidato yang disajikan dalam tulisan arab. Buku ini juga berisi kalimat yang diucapkan, baik ketika akan membuka ataupun menutup pidato. Pidato dalam buku ini juga dilengkapi dengan dalil-dalil agama yang bersumber Al-Qur’an dan Hadist, yang juga dilengkapi dengan artinya. =990 ##$$a 016/46/2017 =990 ##$$a 016/46/2017 =990 ##$$a 016/46/2017 =990 ##$$a 016/46/2017 =990 ##$$a 016/46/2017